| 000 | 01288nam a2200193 a 4500 | ||
|---|---|---|---|
| 001 | 000033325 | ||
| 005 | 20241016135104.0 | ||
| 008 | 110824s1940 dr 000 0 spa d | ||
| 040 |
_aDO-SdBNP _bspa _cBNPHU |
||
| 082 |
_a338.10981 _bR426c |
||
| 110 | 1 |
_aRepública Dominicana. _bDirección General de Estadística Nacional. _986710 |
|
| 245 | 1 | 0 | _aCenso agropecuario de 1940. |
| 260 |
_aCiudad Trujillo, República Dominicana : _bDirección General de Estadística Nacional, _c1940. |
||
| 300 |
_a1 v. en varias paginaciones ; _c29 cm. |
||
| 505 | 0 |
_tSan Cristobal provincia Trujillo -- _tProvincia Libertador -- _tProvincia Espaillat -- _tProvincia de Benefactor -- _tProvincia Duarte -- _tProvincia de Barahona -- _tProvincia de Azua -- _tMonte Plata Provincia Monseñor de Meriño -- _tLa Victoria, M onseñor de Meriño -- _tProvincia de Montecristy -- _tMontecristy -- _tProvincia de Samaná -- _tProvincia de Pueto Plata -- _tSanto Domingo -- _tProvincia de San Pedro de Macoris -- _tProvincia del Seybo -- _tSan Francisco de Macoris Provincia Duarte -- _tProvincia La Vega -- _tProvincia Santiago. |
|
| 650 | 4 |
_aAgricultura _zRepública Dominicana _y1940 _vESTADÍSTICAS _958917 |
|
| 650 | 4 |
_aGanadería _zRepública Dominicana _y1940 _vESTADÍSTICAS _958918 |
|
| 910 | _aValidado. Control de calidad MFF | ||
| 999 |
_c32816 _d32816 |
||